Ultimate Custom Night (FNaF) Animatronics - Statistics

General Stats
  • This quiz has been taken 7,780 times
    7,775 since last reset
  • The average score is 40 of 57
Answer Stats
Origin Animatronic % Correct
FNAF 1 Freddy Fazbear
98%
FNAF 1 Chica
97%
FNAF 1 Bonnie
96%
FNAF 1 Foxy
95%
FNAF 4 Nightmare
90%
FNAF 2 Toy Chica
88%
FNAF 1 Golden Freddy
87%
FNAF 2 Mangle
87%
FNAF 2 Toy Bonnie
87%
FNAF 2 Toy Freddy
87%
FNAF 2 Balloon Boy
86%
FNAF 3 Springtrap
86%
FNAF 2 Marionette
85%
FNAF 5 Circus Baby
84%
FNAF 5 Funtime Foxy
80%
FNAF 5 Ballora
79%
FNAF 4 Nightmare Freddy
79%
FNAF 4 Nightmare Bonnie
78%
FNAF 4 Nightmare Chica
78%
FNAF 2 Jay Jay
77%
FNAF 6 Afton
76%
FNAF 3 Phantom Freddy
74%
FNAF 2 Withered Bonnie
73%
FNAF 2 Withered Chica
73%
FNAF 4 Nightmare Fredbear
72%
FNAF 6 Rockstar Freddy
72%
FNAF 6 Lefty
71%
FNAF 6 Rockstar Chica
71%
FNAF 6 Rockstar Bonnie
70%
FNAF 6 Rockstar Foxy
70%
FNAF 4 Nightmarionne
68%
FNAF 6 Scrap Baby
68%
FNAF 6 Mr. Hippo
67%
FNAF 5 Ennard
66%
FNAF 3 Phantom BB
65%
FNAF 4 Nightmare BB
64%
FNAF 2 Shadow Bonnie
64%
FNAF 6 Funtime Chica
63%
FNAF 6 Happy Frog
63%
FNAF 6 Molten Freddy
63%
FNAF 3 Phantom Mangle
63%
FNAF 4 Jack O'Chica
60%
FNAF 4 Nightmare Mangle
60%
FNAF 1 Phone Guy
59%
FNAF 2 / UCN Fredbear
58%
FNAF 6 Trash and the Gang
58%
FNAF 4 Plushtrap
57%
FNAF 6 El Chip
54%
FNAF 6 Pigpatch
54%
FNAF 5 Bonnet
53%
FNAF 6 Helpy
53%
FNAF 6 Music Man
53%
FNAF 6 Orville Elephant
53%
FNAF 5 Lolbit
51%
FNAF 6 Nedd Bear
51%
FNAF World Old Man Consequences
49%
FNAF 5 Minireena
44%
No matching quizzes found
Score Distribution
Percent of People with Each Score
Percentile by Number Answered
Your Score History
You have not taken this quiz since the last reset